1469 1189 1062 1353 1394 1383 1415 1042 1137 1211 1837 1891 1915 1656 1293 1087 1745 1563 1247 1844 1654 1818 1842 1943 1383 1514 1375 1629 1786 1686 1120 1841 1048 1674 1320 1937 1744 1042 1616 1564 1139 1218 1482 1805 1132 1346 1262 1118 1591 1607 1309 1885 1298 1638 1913 1913 1279 1567 1978 1029 1862 1363 1562 1436 1274 1064 1585 1636 1876 1797 1475 1841 1840 1516 1780 1928 1921 1767 1772 1636 1244 1629 1649 1713 1538 1313 1219 1769 1563 1878 1831 1986 1096 1234 1954 1914 1570 1027 1808 BCNSPRNW ULIB Ver.6.0+V

เปลี่ยนเป็นภาษาไทย

Change to English
 แสดงรายละเอียดบรรณานุกรม
  กลับหน้าหลัก

Brief Record : Get Marc (ISO 2709) : E-mail record : QR code < ปิดหน้าต่าง
LEADER : 00000nam 2200000uu 4500
001    13399114895
003     ULIB
008    120619s2553||||th 000 0 tha d
020    ^a9789749491669
050  4 ^aBF637.S8^bอ598ด ล.1
100 0  ^aอาจอง ชุมสาย ณ อยุธยา
245 10 ^aด้วยรักบันดาล...นิทานสีขาว /^cเล่าเรื่องโดย อาจอง ชุมสาย ณ อยุธยา ;สุพัตรา แซ่ลิ่ม เรียบเรียง ;[บรรณาธิการ อิศวเรศ ตโมนุท]
250    ^aพิมพ์ครั้งที่ 9
260    ^aกรุงเทพฯ :^bฟรีมายด์,^c2553
300    ^a221 หน้า :^bภาพประกอบ
650  4 ^aนิทานสอนใจ
650  4 ^aการดำเนินชีวิต
650  4 ^aความสำเร็จ
650  4 ^aนิทานคติธรรม
700 0  ^aสุพัตรา แซ่ลิ่ม
700 0  ^aอิศวเรศ ตโมนุท,^eบรรณาธิการ
945    ^p185^l0^i032058
995    ^a เกษร
999    ^aใช้งานได้ทุกระบบ
รายการนี้ยังไม่มีแท็ก
คุณยังไม่ได้ล็อกอิน คุณสามารถมีกิจกรรมร่วมกับเว็บไซต์ได้ แต่ต้องล็อกอินก่อน ::
  ล็อกอิน

รายการสื่อสารสนเทศ

ลำดับที่ ประเภท เลขเรียก/บาร์โค้ด สถานที่ สถานะ
- ไม่พบข้อมูล -

รายการใกล้เคียง
    ผู้แต่ง [อาจอง ชุมสาย ณ อยุธยา]

    หัวเรื่อง [นิทานสอนใจ]
    หัวเรื่อง [การดำเนินชีวิต]
    หัวเรื่อง [ความสำเร็จ]
    หัวเรื่อง [นิทานคติธรรม]

BibComment


ยังไม่เคยถูกคอมเมนท์

คอมเมนท์ทรัพยากรรายการนี้
  คอมเมนท์: ด้วยรักบันดาลนิท..


 Copyright 2026. Bcnsprnw @Library